The yearling / (Record no. 8007)
[ view plain ]
| 000 -LEADER | |
|---|---|
| fixed length control field | 00675nam a2200253 a 4500 |
| 001 - CONTROL NUMBER | |
| JCCL Control Number | 8007 |
| 003 - CONTROL NUMBER IDENTIFIER | |
| JCCL marc code | BD - JhCC |
| 005 - DATE AND TIME OF LATEST TRANSACTION | |
| control field | 20180717084634.0 |
| 008 - FIXED-LENGTH DATA ELEMENTS--GENERAL INFORMATION | |
| fixed length control field | 180717s1956 enk 000 1 eng d |
| 035 ## - SYSTEM CONTROL NUMBER | |
| system control number | (BD-JhCC)8007 |
| 040 ## - CATALOGING SOURCE | |
| Original cataloging agency | BD-JhCC |
| Modifying agency | BD-JhCC |
| 041 ## - LANGUAGE CODE | |
| Language code of Book | eng |
| 082 ## - DEWEY DECIMAL CLASSIFICATION NUMBER | |
| Author mark and Year | RAW 1956 |
| Classification number | 813.52 |
| 100 1# - MAIN ENTRY--PERSONAL NAME | |
| Personal name | Rawlings, Marjorie Kinnan, |
| Titles and other words associated with a name | 1896-1953. |
| 245 14 - TITLE STATEMENT | |
| Title | The yearling / |
| Statement of responsibility, etc | Marjorie Kinnan Rawlings |
| 260 ## - PUBLICATION, DISTRIBUTION, ETC. (IMPRINT) | |
| Place of publication, distribution, etc | London : |
| Name of publisher, distributor, etc | William Heinemann, |
| Date of publication, distribution, etc | 1956. |
| 300 ## - PHYSICAL DESCRIPTION | |
| Pagination | 202 p. : |
| Dimensions | 20 cm. |
| 490 1# - SERIES STATEMENT | |
| Series statement | Penguin readers level 3 |
| 650 #0 - SUBJECT ADDED ENTRY--TOPICAL TERM | |
| Topical term or geographic name as entry element | Deer |
| 650 #0 - SUBJECT ADDED ENTRY--TOPICAL TERM | |
| Topical term or geographic name as entry element | Human-animal relationships |
| 650 #0 - SUBJECT ADDED ENTRY--TOPICAL TERM | |
| Topical term or geographic name as entry element | Wild animals as pets |
| 942 ## - ADDED ENTRY ELEMENTS (KOHA) | |
| Source of classification or shelving scheme | Dewey Decimal Classification |
| Koha item type | Books |
| Source of classification or shelving scheme | Damaged status | Not for loan | Home library | Current library | Shelving location | Total Checkouts | Full call number | Barcode | Date last seen | Copy number | Koha item type |
|---|---|---|---|---|---|---|---|---|---|---|---|
| Dewey Decimal Classification | JCC Rouf Library | JCC Rouf Library | General Stacks | 813.52 RAW 1956 | 9228 | 02/17/2018 | C - 1 | Books |